[Event "Sportaccord WMG Blitz Women"]
[Site "Beijing CHN"]
[Date "2011.12.12"]
[Round "8"]
[Board "1"]
[White "Lahno, Kateryna"]
[Black "Zatonskih, Anna"]
[Result "1-0"]
[WhiteTitle "GM"]
[BlackTitle "IM"]
[WhiteElo "2549"]
[BlackElo "2506"]
[WhiteFideId "14109336"]
[BlackFideId "14101572"]
[EventDate "2011.12.12"]

1. c4 e5 2. g3 g6 3. d4 exd4 4. Qxd4 Nf6 5. Nc3 Bg7 6. Qe3+ Qe7 7. Qxe7+ Kxe7 8.
Bg5 c6 9. O-O-O d6 10. Ne4 Rd8 11. f4 Na6 12. Bg2 Be6 13. b3 Rac8 14. Nxf6 Bxf6
15. Bxf6+ Kxf6 16. e4 Nc5 17. Ne2 a5 18. Kb2 Ke7 19. Nd4 f6 20. Rhe1 Bf7 21. Bh3
Rc7 22. e5 dxe5 23. fxe5 f5 24. e6 Bg8 25. Bxf5 Rxd4 26. Rxd4 gxf5 27. Rf4 Nxe6
28. Rxf5 b6 29. Rg5 Kf6 1-0

[Event "Sportaccord WMG Blitz Women"]
[Site "Beijing CHN"]
[Date "2011.12.12"]
[Round "8"]
[Board "2"]
[White "Harika, Dronavalli"]
[Black "Cramling, Pia"]
[Result "1-0"]
[WhiteTitle "GM"]
[BlackTitle "GM"]
[WhiteElo "2512"]
[BlackElo "2495"]
[WhiteFideId "5015197"]
[BlackFideId "1700030"]
[EventDate "2011.12.12"]

1. Nf3 c5 2. c4 Nf6 3. g3 d5 4. cxd5 Nxd5 5. Bg2 Nc6 6. O-O e6 7. Nc3 Nf6 8. d3
Be7 9. Be3 Bd7 10. Rc1 O-O 11. d4 Ng4 12. Bf4 cxd4 13. Nxd4 e5 14. Nxc6 Bxc6 15.
Bxc6 bxc6 16. Bd2 Rb8 17. b3 f5 18. h3 Nf6 19. Be3 Nd5 20. Bxa7 Ra8 21. Bc5 Rxa2 1-0

[Event "Sportaccord WMG Blitz Women"]
[Site "Beijing CHN"]
[Date "2011.12.12"]
[Round "8"]
[Board "3"]
[White "Hou, Yifan"]
[Black "Muzychuk, Anna"]
[Result "1/2-1/2"]
[WhiteTitle "GM"]
[BlackTitle "IM"]
[WhiteElo "2578"]
[BlackElo "2562"]
[WhiteFideId "8602980"]
[BlackFideId "14111330"]
[EventDate "2011.12.12"]

1. e4 d5 2. exd5 Nf6 3. d4 Nxd5 4. c4 Nb6 5. Nf3 g6 6. Nc3 Bg7 7. c5 Nd5 8. Qb3
c6 9. Bc4 O-O 10. O-O Nxc3 11. bxc3 b5 12. Re1 Bg4 13. Bd3 Be6 14. Ne5 Bd5 15.
Qc2 1/2-1/2

[Event "Sportaccord WMG Blitz Women"]
[Site "Beijing CHN"]
[Date "2011.12.12"]
[Round "8"]
[Board "4"]
[White "Dzagnidze, Nana"]
[Black "Skripchenko, Almira"]
[Result "1/2-1/2"]
[WhiteTitle "GM"]
[BlackTitle "IM"]
[WhiteElo "2516"]
[BlackElo "2468"]
[WhiteFideId "13601903"]
[BlackFideId "13900145"]
[EventDate "2011.12.12"]

1. d4 e6 2. c4 f5 3. Nc3 Nf6 4. Bg5 Be7 5. Bxf6 Bxf6 6. e4 O-O 7. Nf3 Nc6 8. Be2
d6 9. O-O a5 10. exf5 exf5 11. Ne4 Kh8 12. Qd2 Ne5 13. d5 Kg8 14. Nd4 Kh8 1/2-1/2

[Event "Sportaccord WMG Blitz Women"]
[Site "Beijing CHN"]
[Date "2011.12.12"]
[Round "8"]
[Board "5"]
[White "Danielian, Elina"]
[Black "Stefanova, Antoaneta"]
[Result "0-1"]
[WhiteTitle "GM"]
[BlackTitle "GM"]
[WhiteElo "2497"]
[BlackElo "2531"]
[WhiteFideId "13300210"]
[BlackFideId "2902257"]
[EventDate "2011.12.12"]

1. Nf3 d5 2. c4 c6 3. e3 Nf6 4. Nc3 a6 5. b3 Bf5 6. Bb2 e6 7. Be2 Be7 8. d3 Nbd7
9. Nh4 Bg6 10. O-O O-O 11. Nxg6 hxg6 12. Qc2 b5 13. a4 b4 14. Nd1 a5 15. f4 Ne8
16. Bf3 Bf6 17. Bd4 Bxd4 18. exd4 Qf6 19. Qb2 Nd6 20. Rc1 Nf5 0-1

[Event "Sportaccord WMG Blitz Women"]
[Site "Beijing CHN"]
[Date "2011.12.12"]
[Round "8"]
[Board "6"]
[White "Ju, Wenjun"]
[Black "Paehtz, Elisabeth"]
[Result "1-0"]
[WhiteTitle "WGM"]
[BlackTitle "IM"]
[WhiteElo "2543"]
[BlackElo "2457"]
[WhiteFideId "8603006"]
[BlackFideId "4641833"]
[EventDate "2011.12.12"]

1. d4 d6 2. g3 g6 3. Bg2 Bg7 4. c4 Nf6 5. Nf3 O-O 6. O-O Nc6 7. Nc3 Rb8 8. Ne1
a6 9. Nc2 Bd7 10. Qd3 e5 11. d5 Ne7 12. e4 Nh5 13. b4 f5 14. Bg5 Bf6 15. Bh6 Bg7
16. Bxg7 Kxg7 17. exf5 gxf5 18. f4 exf4 19. Qd1 Kh6 20. Bf3 Nf6 21. Qd2 Ng6 22.
Ne2 Ne4 23. Bxe4 fxe4 24. Nxf4 Qg5 25. Kh1 Nxf4 26. gxf4 Qf6 27. f5+ Qg5 28. Ne3
Rg8 29. Rf2 Rbf8 30. Raf1 Kh5 31. Rg2 Qh4 32. Qe2+ Kh6 33. Ng4+ Kg7 34. Ne5+ Kh8
35. Nxd7 Rxg2 36. Qxg2 Rg8 37. Qb2+ Rg7 38. Rg1 Qe7 1-0

[Event "Sportaccord WMG Blitz Women"]
[Site "Beijing CHN"]
[Date "2011.12.12"]
[Round "8"]
[Board "8"]
[White "Cmilyte, Viktorija"]
[Black "Socko, Monika"]
[Result "1/2-1/2"]
[WhiteTitle "GM"]
[BlackTitle "GM"]
[WhiteElo "2503"]
[BlackElo "2479"]
[WhiteFideId "12801259"]
[BlackFideId "1106619"]
[EventDate "2011.12.12"]

1. d4 Nf6 2. c4 g6 3. g3 Bg7 4. Bg2 d6 5. Nf3 O-O 6. O-O Nc6 7. Nc3 Bg4 8. b3
Qd7 9. Bb2 Bh3 10. d5 Nd8 11. Qd2 e5 12. dxe6 fxe6 13. Rad1 Nc6 14. e4 Qf7 15.
Ng5 Qe7 16. f4 Rae8 17. Nf3 Bxg2 18. Kxg2 Ng4 19. h3 Nh6 20. Rfe1 Kh8 21. Nb5 e5
22. Nc3 exf4 23. Nd5 Qd7 24. gxf4 Nd8 25. Ng5 c6 26. Nc3 Nhf7 27. Nf3 Ne6 28.
Ne2 Qe7 29. Ng3 Nh6 30. Bxg7+ Qxg7 31. Ne2 Nc5 32. Qxd6 Nxe4 33. Qd4 Nf6 34. Ng3
Nf5 35. Nxf5 gxf5+ 36. Kh2 Re4 37. Rxe4 Nxe4 38. Ne5 Nf6 39. Rg1 1/2-1/2

[Event "Sportaccord WMG Blitz Women"]
[Site "Beijing CHN"]
[Date "2011.12.13"]
[Round "9"]
[Board "1"]
[White "Socko, Monika"]
[Black "Lahno, Kateryna"]
[Result "0-1"]
[WhiteTitle "GM"]
[BlackTitle "GM"]
[WhiteElo "2479"]
[BlackElo "2549"]
[WhiteFideId "1106619"]
[BlackFideId "14109336"]
[EventDate "2011.12.12"]

1. d4 Nf6 2. c4 g6 3. Nc3 d5 4. Bf4 Bg7 5. e3 c5 6. dxc5 Qa5 7. Rc1 dxc4 8. Bxc4
O-O 9. Nf3 Qxc5 10. Bb3 Nc6 11. O-O Qa5 12. h3 Bf5 13. Qe2 Ne4 14. g4 Nxc3 15.
bxc3 Bd7 16. Rfd1 Rfd8 17. Rd5 Qa3 18. Rcd1 Be8 19. Rxd8 Rxd8 20. Rxd8 Nxd8 21.
Qd2 Qa5 22. Be5 Nc6 23. Bxg7 Kxg7 24. Kg2 h5 25. g5 Qc5 26. Bd5 Qd6 27. c4 b6
28. Qc3+ Kg8 29. h4 Nb4 30. Be4 Nxa2 31. Qa1 Qe6 32. Bd5 Qg4+ 33. Kf1 Nb4 34.
Bb7 Qxc4+ 35. Kg2 Bc6 36. Qxa7 Qg4+ 37. Kf1 Qxf3 38. Qa8+ Kg7 39. Bxc6 Qxc6 40.
Qa1+ Kh7 41. Qe5 Qe6 42. Qf4 Nd5 43. Qd4 b5 44. Ke2 b4 45. Kd3 Qd6 46. Kc2 Qc6+
47. Kb1 Nc3+ 48. Kb2 Qa4 49. Qc4 Qa2+ 0-1

[Event "Sportaccord WMG Blitz Women"]
[Site "Beijing CHN"]
[Date "2011.12.13"]
[Round "9"]
[Board "2"]
[White "Kosteniuk, Alexandra"]
[Black "Cmilyte, Viktorija"]
[Result "1-0"]
[WhiteTitle "GM"]
[BlackTitle "GM"]
[WhiteElo "2439"]
[BlackElo "2503"]
[WhiteFideId "4128125"]
[BlackFideId "12801259"]
[EventDate "2011.12.12"]

1. e4 c5 2. Nf3 d6 3. d4 Nf6 4. Nc3 cxd4 5. Nxd4 g6 6. Be3 Bg7 7. Be2 O-O 8. f4
Nc6 9. Nb3 a6 10. a4 b6 11. O-O Bb7 12. Bf3 Nd7 13. Qd2 Na5 14. Nxa5 bxa5 15.
Rab1 Rb8 16. b3 e6 17. Ne2 Qc7 18. Rfd1 Nc5 19. Ng3 Rfd8 20. Bd4 e5 21. Bc3 Ne6
22. f5 Nd4 23. Bxa5 Qc5 24. Kh1 Rdc8 25. c4 gxf5 26. Nxf5 Nxf5 27. exf5 e4 28.
Bg4 Re8 29. Bb4 Qc6 30. Qg5 f6 31. Qe3 Rbd8 32. Be2 Re5 33. Rf1 Kh8 34. Bc3 Re7
35. Rbd1 d5 36. cxd5 Rxd5 37. Rxd5 Qxd5 38. Bc4 Qc6 39. h3 Re8 40. Rd1 Qc7 41.
Be6 Rd8 42. Qd4 h6 43. Bd2 Qe7 44. Bf4 Bf8 45. Qe3 Kh7 46. Qg3 Qg7 47. Qe3 Qe7
48. Kh2 Qg7 49. g4 Qe7 50. Kg3 Qg7 51. Qb6 Qe7 52. Qc7 Kg7 53. Bd6 Qxc7 54. Bxc7
Bc5 55. Ba5 e3 56. h4 Bd6+ 57. Kh3 Be5 58. Bc4 Bf3 59. Be1 Bb7 60. Bg3 Bc3 61.
Be2 Kf8 62. Bf4 Kg7 63. Bxe3 Bd5 64. Bc4 Bb7 65. g5 hxg5 66. hxg5 fxg5 67. Bxg5
Bf6 68. Be3 a5 69. Bb6 Bc3 70. Bxd8 Bb4 71. Kg4 Be4 72. f6+ Kf8 73. Kf4 Bc2 74.
Ke5 Ke8 75. Bb6 Bc3+ 76. Bd4 Bb4 77. f7+ Kf8 78. Be3 Kg7 79. Bd4 Kf8 80. Ke6 Bg6
81. Kf6 Bh5 82. Bb6 Be7+ 83. Ke5 Bb4 84. Kf6 Be7+ 85. Kf5 Bxf7 86. Bxf7 Kxf7 87.
Bxa5 Bd6 88. Bd8 Ke8 89. Ba5 Kd7 90. Ke4 Kc6 91. Kd4 Kb7 92. Kd5 Bf8 93. Bc3 Kb6
94. Kc4 Be7 95. Bb4 Bf6 96. Bc5+ Kb7 97. b4 Bh4 98. b5 Be1 99. Bb4 Bf2 100. a5
Kb8 101. b6 Kb7 102. Kb5 Kb8 103. Bd6+ Ka8 104. Bc5 Bg3 105. Kc6 Bf4 106. a6 Kb8
107. Bd6+ Ka8 108. b7+ 1-0

[Event "Sportaccord WMG Blitz Women"]
[Site "Beijing CHN"]
[Date "2011.12.13"]
[Round "9"]
[Board "3"]
[White "Paehtz, Elisabeth"]
[Black "Dembo, Yelena"]
[Result "0-1"]
[WhiteTitle "IM"]
[BlackTitle "IM"]
[WhiteElo "2457"]
[BlackElo "2468"]
[WhiteFideId "4641833"]
[BlackFideId "723916"]
[EventDate "2011.12.12"]

1. e4 c5 2. c3 d6 3. d4 Nf6 4. Bd3 g6 5. h3 Bg7 6. Nf3 O-O 7. O-O a6 8. Re1 Qc7
9. e5 Nd5 10. a3 dxe5 11. dxe5 Rd8 12. Qe2 Nc6 13. Bc2 b5 14. Bg5 Be6 15. Nbd2
Nb6 16. Bf4 Nc4 17. Nxc4 Bxc4 18. Qe3 Na5 19. e6 Qc8 20. exf7+ Bxf7 21. Ng5 Bd5
22. Be4 e5 23. Bxd5+ Rxd5 24. Qe4 Qc6 25. Bg3 Rd2 26. Qh4 h6 27. Ne4 Rd3 28. b4
cxb4 29. axb4 Nc4 30. Nc5 Rd2 31. Rad1 Rxd1 32. Rxd1 Rf8 33. Qg4 h5 34. Qe2 a5
35. Rd7 a4 36. Qd3 a3 37. Ra7 e4 38. Nxe4 Qe6 39. Nc5 Qf5 40. Qd1 Bxc3 41. Kh2
Be5 42. Nd7 Bxg3+ 43. fxg3 Rf7 44. Ra8+ Kh7 45. Qd4 Rg7 46. Nf8+ Kh6 47. Ne6
Qxe6 48. Rh8+ Rh7 49. Rf8 Qe5 50. Qd8 Qg5 51. h4 Qxd8 52. Rxd8 Ra7 0-1

[Event "Sportaccord WMG Blitz Women"]
[Site "Beijing CHN"]
[Date "2011.12.13"]
[Round "9"]
[Board "4"]
[White "Stefanova, Antoaneta"]
[Black "Ju, Wenjun"]
[Result "1/2-1/2"]
[WhiteTitle "GM"]
[BlackTitle "WGM"]
[WhiteElo "2531"]
[BlackElo "2543"]
[WhiteFideId "2902257"]
[BlackFideId "8603006"]
[EventDate "2011.12.12"]

1. d4 Nf6 2. Nf3 g6 3. g3 Bg7 4. Bg2 O-O 5. O-O d5 6. Be3 c6 7. Qc1 Re8 8. Bh6
Bh8 9. h3 Bf5 10. Nbd2 Qc8 11. Kh2 c5 12. c3 Nbd7 13. Nh4 Be6 14. e3 Nb6 15. f4
cxd4 16. exd4 Bf5 17. Nxf5 Qxf5 18. Bg5 h5 19. Qb1 Qxb1 20. Raxb1 Nh7 21. Bh4
Rac8 22. g4 hxg4 23. hxg4 Nf6 24. Bf3 Bg7 25. Rf2 e6 26. Kg2 Nc4 27. Nxc4 Rxc4
28. f5 Rc7 29. Be2 1/2-1/2

[Event "Sportaccord WMG Blitz Women"]
[Site "Beijing CHN"]
[Date "2011.12.13"]
[Round "9"]
[Board "5"]
[White "Skripchenko, Almira"]
[Black "Danielian, Elina"]
[Result "0-1"]
[WhiteTitle "IM"]
[BlackTitle "GM"]
[WhiteElo "2468"]
[BlackElo "2497"]
[WhiteFideId "13900145"]
[BlackFideId "13300210"]
[EventDate "2011.12.12"]

1. e4 c6 2. Nc3 d6 3. f4 e5 4. Nf3 Nd7 5. d4 Qa5 6. Bd3 g6 7. O-O exd4 8. Nxd4
Bg7 9. Nf3 Ngf6 10. e5 dxe5 11. fxe5 Ng4 12. e6 fxe6 13. Ng5 Ndf6 14. Nce4 Qb6+
15. Kh1 O-O 16. Qe2 Kh8 17. Be3 Qxb2 18. Rab1 Qe5 19. Qd2 b6 20. Bf4 Qd5 21. c4
Qd8 22. Qe2 c5 23. Rbd1 Qe8 24. Be5 Bb7 25. h3 Qe7 26. Rde1 Rad8 27. Bc2 Nh5 28.
Rxf8+ Rxf8 0-1

[Event "Sportaccord WMG Blitz Women"]
[Site "Beijing CHN"]
[Date "2011.12.13"]
[Round "9"]
[Board "6"]
[White "Muzychuk, Anna"]
[Black "Dzagnidze, Nana"]
[Result "1/2-1/2"]
[WhiteTitle "IM"]
[BlackTitle "GM"]
[WhiteElo "2562"]
[BlackElo "2516"]
[WhiteFideId "14111330"]
[BlackFideId "13601903"]
[EventDate "2011.12.12"]

1. e4 c5 2. Nf3 e6 3. d4 cxd4 4. Nxd4 Nc6 5. c4 Nf6 6. Nc3 Bb4 7. Nxc6 bxc6 8.
Bd3 e5 9. O-O O-O 10. Kh1 h6 11. f4 d6 12. f5 Rb8 13. Qe2 Re8 14. Bd2 Bc5 15. b3
Ba6 16. Rad1 Bd4 17. Qf3 Rc8 18. Ne2 d5 19. cxd5 Bxd3 20. Qxd3 cxd5 21. exd5
Qxd5 22. Nxd4 exd4 23. Bf4 Re4 24. h3 Rc3 25. Qd2 Qc5 26. Rc1 Nd5 27. Bh2 Ree3
28. Bg1 Rxc1 29. Rxc1 Rc3 30. Rxc3 dxc3 31. Qc2 Qc6 32. a3 a5 33. Bd4 Qc7 34. f6
g6 35. b4 axb4 36. axb4 Nxb4 37. Qxc3 Nd5 1/2-1/2

[Event "Sportaccord WMG Blitz Women"]
[Site "Beijing CHN"]
[Date "2011.12.13"]
[Round "9"]
[Board "7"]
[White "Cramling, Pia"]
[Black "Hou, Yifan"]
[Result "0-1"]
[WhiteTitle "GM"]
[BlackTitle "GM"]
[WhiteElo "2495"]
[BlackElo "2578"]
[WhiteFideId "1700030"]
[BlackFideId "8602980"]
[EventDate "2011.12.12"]

1. d4 Nf6 2. Nf3 e6 3. c4 b6 4. g3 Bb4+ 5. Bd2 c5 6. Bg2 Bb7 7. O-O O-O 8. dxc5
Bxc5 9. Nc3 Be7 10. Bf4 a6 11. Rc1 d6 12. Qd2 Ne8 13. Rfd1 Nd7 14. b3 Rc8 15. h3
h6 16. Ne1 Bxg2 17. Nxg2 Rc6 18. Ne1 Qc8 19. Nf3 Qb7 20. Qd3 Nef6 21. Nd4 Rcc8
22. Qf3 Qc7 23. Be3 Ne5 24. Qg2 Rfd8 25. f4 Ned7 26. Bf2 Bf8 27. e4 Re8 28. Nf3
Nc5 29. Nd4 e5 30. fxe5 dxe5 0-1

[Event "Sportaccord WMG Blitz Women"]
[Site "Beijing CHN"]
[Date "2011.12.13"]
[Round "9"]
[Board "8"]
[White "Zatonskih, Anna"]
[Black "Harika, Dronavalli"]
[Result "1/2-1/2"]
[WhiteTitle "IM"]
[BlackTitle "GM"]
[WhiteElo "2506"]
[BlackElo "2512"]
[WhiteFideId "14101572"]
[BlackFideId "5015197"]
[EventDate "2011.12.12"]

1. d4 c5 2. c3 Nf6 3. Nf3 g6 4. dxc5 Bg7 5. Nbd2 O-O 6. Nb3 Na6 7. e4 Qc7 8.
Bxa6 bxa6 9. Qe2 Bb7 10. Nfd2 d6 11. O-O dxc5 12. f3 Nd7 13. Nc4 Nb6 14. Nca5 c4
15. Nxb7 cxb3 16. Na5 Qc5+ 17. Be3 Qxa5 18. axb3 Qh5 19. Rxa6 Nd7 20. Rfa1 Be5
21. g3 Nf6 22. R6a5 Nxe4 23. Bf4 Nxc3 24. bxc3 f6 25. Bxe5 fxe5 26. Rxe5 Qxf3
27. Rxe7 Qxc3 28. Qe6+ Kh8 29. Qe5+ 1/2-1/2

[Event "Sportaccord WMG Blitz Women"]
[Site "Beijing CHN"]
[Date "2011.12.13"]
[Round "10"]
[Board "1"]
[White "Lahno, Kateryna"]
[Black "Harika, Dronavalli"]
[Result "1/2-1/2"]
[WhiteTitle "GM"]
[BlackTitle "GM"]
[WhiteElo "2549"]
[BlackElo "2512"]
[WhiteFideId "14109336"]
[BlackFideId "5015197"]
[EventDate "2011.12.12"]

1. Nf3 Nf6 2. c4 c5 3. g3 d6 4. d4 cxd4 5. Nxd4 Nc6 6. Bg2 Bd7 7. O-O g6 8. Nc3
Bg7 9. Nc2 O-O 10. Rb1 Qc8 11. Re1 Rb8 12. Ne3 Bh3 13. Bh1 Ng4 14. Ncd5 Re8 15.
Nxg4 Bxg4 16. b3 e6 17. Ne3 Bf5 18. Nxf5 exf5 19. Bb2 Qe6 20. Bxg7 Kxg7 21. Qd2
Qf6 22. Rbd1 Rbd8 23. h4 h6 24. Bxc6 bxc6 25. Qd4 Qxd4 26. Rxd4 Re4 27. Red1
Rxe2 28. Rxd6 Rxd6 29. Rxd6 Rxa2 30. Rxc6 Rb2 31. Ra6 Rxb3 32. Rxa7 Rc3 33. Rc7
Kf6 34. Kg2 Ke6 35. Rc6+ Ke7 36. Rc7+ Ke6 37. Rc6+ Ke7 38. Rc7+ Ke6 1/2-1/2

[Event "Sportaccord WMG Blitz Women"]
[Site "Beijing CHN"]
[Date "2011.12.13"]
[Round "10"]
[Board "2"]
[White "Hou, Yifan"]
[Black "Zatonskih, Anna"]
[Result "1-0"]
[WhiteTitle "GM"]
[BlackTitle "IM"]
[WhiteElo "2578"]
[BlackElo "2506"]
[WhiteFideId "8602980"]
[BlackFideId "14101572"]
[EventDate "2011.12.12"]

1. e4 e6 2. d4 d5 3. Nc3 Nf6 4. e5 Nfd7 5. f4 c5 6. Nf3 Nc6 7. Be3 Qb6 8. a3
cxd4 9. Nxd4 Bc5 10. Ncb5 a6 11. Nxc6 bxc6 12. Bxc5 Nxc5 13. Nd6+ Ke7 14. Qh5
Rf8 15. Be2 Qxb2 16. O-O Qd4+ 17. Kh1 Ne4 18. Nxe4 Qxe4 19. Bd3 Qd4 20. Qg5+ Ke8
21. Qxg7 Bd7 22. Rab1 Qc5 23. Bxh7 Kd8 24. Rb7 Kc8 25. Rfb1 Be8 26. Bd3 Qxa3 27.
R7b4 a5 28. Qxf8 axb4 29. Qxe8+ Kc7 30. Qe7+ Kc8 31. h3 Ra7 32. Qf8+ Kc7 33.
Qxf7+ Kd8 34. Qf8+ Kd7 35. Qd6+ Kc8 36. Qxe6+ Kb7 37. Qe7+ Kb6 38. Rxb4+ Ka5 39.
Qc5# 1-0

[Event "Sportaccord WMG Blitz Women"]
[Site "Beijing CHN"]
[Date "2011.12.13"]
[Round "10"]
[Board "3"]
[White "Dzagnidze, Nana"]
[Black "Cramling, Pia"]
[Result "1-0"]
[WhiteTitle "GM"]
[BlackTitle "GM"]
[WhiteElo "2516"]
[BlackElo "2495"]
[WhiteFideId "13601903"]
[BlackFideId "1700030"]
[EventDate "2011.12.12"]

1. d4 d5 2. c4 c6 3. Nc3 Nf6 4. e3 e6 5. Nf3 a6 6. a4 dxc4 7. Bxc4 c5 8. O-O
cxd4 9. exd4 Be7 10. Bg5 O-O 11. Ne5 Nc6 12. Nxc6 bxc6 13. b3 a5 14. Qd3 Qb6 15.
Ne2 Rd8 16. Qc2 c5 17. dxc5 Qxc5 18. Be3 Qe5 19. Rad1 Bb7 20. Ng3 h5 21. h3 Nd5
22. Bc1 h4 23. Rfe1 Qf6 24. Ne4 Qg6 25. f3 Nb4 26. Qe2 Rxd1 27. Rxd1 Rd8 28.
Rxd8+ Bxd8 29. Bf4 Bb6+ 30. Kh2 Qf5 31. Bd6 Nd5 32. Qd2 Qg6 33. Nc5 Bc6 34. Ne4
Bb7 35. Bb5 Nb4 36. Bxb4 axb4 37. Qxb4 Bc7+ 38. Kh1 Bxe4 39. Qxe4 1-0

[Event "Sportaccord WMG Blitz Women"]
[Site "Beijing CHN"]
[Date "2011.12.13"]
[Round "10"]
[Board "4"]
[White "Danielian, Elina"]
[Black "Muzychuk, Anna"]
[Result "1/2-1/2"]
[WhiteTitle "GM"]
[BlackTitle "IM"]
[WhiteElo "2497"]
[BlackElo "2562"]
[WhiteFideId "13300210"]
[BlackFideId "14111330"]
[EventDate "2011.12.12"]

1. d4 f5 2. Nc3 d5 3. Bg5 g6 4. e3 Bg7 5. h4 c6 6. Bd3 Be6 7. Nge2 h6 8. Bf4 Nf6
9. Be5 Nbd7 10. Nf4 Bf7 11. Bxf6 Nxf6 12. Qf3 Qd6 13. O-O-O O-O-O 14. h5 g5 15.
Bxf5+ e6 16. Bg6 Rhf8 1/2-1/2

[Event "Sportaccord WMG Blitz Women"]
[Site "Beijing CHN"]
[Date "2011.12.13"]
[Round "10"]
[Board "5"]
[White "Ju, Wenjun"]
[Black "Skripchenko, Almira"]
[Result "0-1"]
[WhiteTitle "WGM"]
[BlackTitle "IM"]
[WhiteElo "2543"]
[BlackElo "2468"]
[WhiteFideId "8603006"]
[BlackFideId "13900145"]
[EventDate "2011.12.12"]

1. d4 e6 2. c4 f5 3. g3 Nf6 4. Bg2 Be7 5. Nf3 O-O 6. O-O d6 7. b4 Qe8 8. Bb2 Qh5
9. Nbd2 Nbd7 10. Re1 Ne4 0-1

[Event "Sportaccord WMG Blitz Women"]
[Site "Beijing CHN"]
[Date "2011.12.13"]
[Round "10"]
[Board "6"]
[White "Dembo, Yelena"]
[Black "Stefanova, Antoaneta"]
[Result "1-0"]
[WhiteTitle "IM"]
[BlackTitle "GM"]
[WhiteElo "2468"]
[BlackElo "2531"]
[WhiteFideId "723916"]
[BlackFideId "2902257"]
[EventDate "2011.12.12"]

1. e4 c6 2. d4 d5 3. e5 Bf5 4. Nd2 e6 5. Nb3 Nd7 6. Nf3 Ne7 7. Be2 Bg4 8. O-O
Nf5 9. h3 Bxf3 10. Bxf3 g6 11. Be2 h5 12. c3 Be7 13. Qd3 Kf8 14. Bd2 Kg7 15. Bd1
Rc8 16. Bc2 c5 17. Nxc5 Nxc5 18. Rad1 Qb6 19. Bc1 a5 20. Bb1 Nh6 21. Qe2 a4 22.
Be3 Qc7 23. a3 Nf5 24. Bc2 b5 1-0

[Event "Sportaccord WMG Blitz Women"]
[Site "Beijing CHN"]
[Date "2011.12.13"]
[Round "10"]
[Board "8"]
[White "Socko, Monika"]
[Black "Kosteniuk, Alexandra"]
[Result "1/2-1/2"]
[WhiteTitle "GM"]
[BlackTitle "GM"]
[WhiteElo "2479"]
[BlackElo "2439"]
[WhiteFideId "1106619"]
[BlackFideId "4128125"]
[EventDate "2011.12.12"]

1. d4 Nf6 2. c4 e6 3. Nc3 Bb4 4. Qc2 d6 5. a3 Bxc3+ 6. Qxc3 Nbd7 7. Nf3 b6 8. e3
Bb7 9. Be2 c5 10. O-O Rc8 11. b4 cxd4 12. Qxd4 d5 13. cxd5 Bxd5 14. Bb2 O-O 15.
Rac1 Qe7 16. Ne5 Nxe5 17. Qxe5 Ba8 18. h3 h6 19. Rxc8 Rxc8 20. Rc1 Rxc1+ 21.
Bxc1 Qd8 22. Bb2 Bb7 23. Bd4 Qc8 24. Kh2 Qd8 25. Bd3 Bc6 26. b5 Bb7 27. a4 Qc8
28. f3 Qd8 29. Bc4 Qc8 30. Bb3 Qd8 31. Bc3 Qc8 32. Qd4 Qc7+ 33. Qe5 Qc8 34. Bb2
Qd8 35. Bd4 Qc8 36. Qd6 Ne8 37. Qe7 Qb8+ 38. f4 Qa8 39. f5 Qb8+ 40. g3 Bd5 41.
Bxd5 exd5 42. Qd7 Nf6 43. Bxf6 gxf6 44. Qxd5 Qc8 45. Qe4 Qc3 46. h4 Qd2+ 47. Kh3
Qe1 48. Qf3 Qa1 49. Qg4+ Kf8 50. Qb4+ Kg7 51. Qe4 Qf1+ 52. Kh2 Qf2+ 53. Kh3 Qf1+
54. Kg4 Qd1+ 55. Kh3 Qf1+ 56. Kh2 Qf2+ 57. Kh3 Qf1+ 58. Kh2 1/2-1/2

[Event "Sportaccord WMG Blitz Women"]
[Site "Beijing CHN"]
[Date "2011.12.13"]
[Round "11"]
[Board "1"]
[White "Kosteniuk, Alexandra"]
[Black "Lahno, Kateryna"]
[Result "1-0"]
[WhiteTitle "GM"]
[BlackTitle "GM"]
[WhiteElo "2439"]
[BlackElo "2549"]
[WhiteFideId "4128125"]
[BlackFideId "14109336"]
[EventDate "2011.12.12"]

1. e4 d6 2. d4 g6 3. Nc3 Bg7 4. Be3 a6 5. Qd2 b5 6. a4 b4 7. Nce2 Nf6 8. f3 a5
9. Ng3 h5 10. Bd3 Ba6 11. Nh3 O-O 12. O-O Bxd3 13. Qxd3 Nbd7 14. Qd2 c5 15. d5
Ne5 16. b3 c4 17. Bh6 Qb6+ 18. Kh1 cxb3 19. cxb3 Rac8 20. Bxg7 Kxg7 21. Qg5 Kh7
22. f4 Neg4 23. e5 Nxd5 24. Nxh5 Nh6 25. e6 Nf6 26. Qh4 Rh8 27. Rf3 Rc3 28. exf7 1-0

[Event "Sportaccord WMG Blitz Women"]
[Site "Beijing CHN"]
[Date "2011.12.13"]
[Round "11"]
[Board "2"]
[White "Paehtz, Elisabeth"]
[Black "Socko, Monika"]
[Result "0-1"]
[WhiteTitle "IM"]
[BlackTitle "GM"]
[WhiteElo "2457"]
[BlackElo "2479"]
[WhiteFideId "4641833"]
[BlackFideId "1106619"]
[EventDate "2011.12.12"]

1. e4 c5 2. c3 d5 3. exd5 Qxd5 4. d4 Nf6 5. Nf3 g6 6. Na3 Bg7 7. Bc4 Qe4+ 8. Be3
O-O 9. Bd3 Qg4 10. O-O cxd4 11. Nxd4 Nbd7 12. Be2 Qe4 13. Bf3 Qe5 14. Re1 Qc7
15. Nab5 Qd8 16. Nb3 a6 17. Na3 Qc7 18. Nc2 Ne5 19. h3 Be6 20. Bd4 Bd5 21. Qe2
e6 22. Ne3 Bc6 23. Ng4 Nfxg4 0-1

[Event "Sportaccord WMG Blitz Women"]
[Site "Beijing CHN"]
[Date "2011.12.13"]
[Round "11"]
[Board "3"]
[White "Stefanova, Antoaneta"]
[Black "Cmilyte, Viktorija"]
[Result "1-0"]
[WhiteTitle "GM"]
[BlackTitle "GM"]
[WhiteElo "2531"]
[BlackElo "2503"]
[WhiteFideId "2902257"]
[BlackFideId "12801259"]
[EventDate "2011.12.12"]

1. d4 f5 2. Nc3 d5 3. Bf4 c6 4. e3 g6 5. h4 Be6 6. h5 Bg7 7. Nf3 Nd7 8. Ng5 Bf7
9. g4 fxg4 10. hxg6 hxg6 11. Rxh8 Bxh8 12. Qxg4 Ngf6 13. Qh3 Bg7 14. O-O-O 1-0